Géographie ancienne de la Basse-Égypte /
Saved in:
Main Author:
Format: Book
Language: French
Published:
Paris :
J. Rothschild,
1891.
Subjects:
Tags: Add Tag
No Tags, Be the first to tag this record!
Call Number: DT50 .R85 1891
| LEADER | 00710namaa2200229 4500 | ||
|---|---|---|---|
| 001 | 18921 | ||
| 003 | OSt | ||
| 005 | 20260324152710.0 | ||
| 008 | 130303s1891 fr ab b 001 0 fre d | ||
| 010 | |a 03016028 | ||
| 040 | |c ARCE Library | ||
| 043 | |a f-ua--- | ||
| 050 | 4 | |a DT50 .R85 1891 | |
| 100 | 1 | |a Rougé, J., |q (Jacques), |c vicomte de, |d 1841-1900, |e author | |
| 245 | 1 | 0 | |a Géographie ancienne de la Basse-Égypte / |c par le Vte. Jacques de Rougé. |
| 264 | 1 | |a Paris : |b J. Rothschild, |c 1891. | |
| 300 | |a xii, 176 pages : |b ill., map ; |c 23 cm. | ||
| 504 | |a Includes bibliographical references and index. | ||
| 651 | 0 | |a Egypt |x Historical geography. | |
| 901 | |a reviewed | ||
| 942 | |c BK |2 lcc | ||
| 999 | |c 15974 |d 15974 | ||
